00677nam a2200241 a 4500001001300000003000900013005001700022008004100039020001000080082001700090100002000107245002400127260004900151300000900200500003500209505001300244650001100257700002000268902000800288942000700296952011700303999001500420nice12345678IN_TiNIC20260116011907.0050524s1377 hyda grp 000 0 urd  ac10000a297.124bSHA aShabir, Mir Ali aChehl Hadith Saluk. aHyderabadbMatbua Razaqi Mission Pressc1377 a41p. aincludes index and biblioraphy2 aarchives aHadith1 aShabir, Mir Ali bSRS cBK 001040708StackRoom-aHMIbHMId2008-04-25g100.00l0o297.124 SHAp06383r2008-04-25v100.00w2005-05-24yBK c4768d4768